UM Logo
Normal view MARC view
  • Shockley, Sarah

Entry Personal Name

Number of records used in: 1

001 - CONTROL NUMBER

  • control field: 39174

003 - CONTROL NUMBER IDENTIFIER

  • control field: OSt

005 - DATE AND TIME OF LATEST TRANSACTION

  • control field: 20190816100900.0

008 - FIXED-LENGTH DATA ELEMENTS

  • fixed length control field: 190816|| aca||aabn | a|a d

040 ## - CATALOGING SOURCE

  • Original cataloging agency: OSt
  • Transcribing agency: OSt

100 ## - HEADING--PERSONAL NAME

  • Personal name: Shockley, Sarah
  • Fuller form of name: (Sarah Anne)
  • Relator term: author.

670 ## - SOURCE DATA FOUND

  • Source citation: Work cat.: (OSt)0: Shockley, Sarah (Sarah Anne) author., The pain companion :